Countries Containing the Name of Another Country - Statistics

General Stats
  • This quiz has been taken 1,768 times
    1,709 since last reset
  • The average score is 9 of 16
Answer Stats
Answer % Correct
Guinea
72%
Papua New Guinea
68%
Guinea-Bissau
63%
Equatorial Guinea
61%
Niger
61%
Oman
60%
Nigeria
59%
Mali
55%
Romania
55%
Democratic Republic of the Congo
54%
South Sudan
54%
Sudan
54%
Republic of the Congo
53%
Somalia
52%
Dominica
48%
Dominican Republic
48%
No matching quizzes found
Score Distribution
Percent of People with Each Score
Percentile by Number Answered
Your Score History
You have not taken this quiz since the last reset